[Event "Let's Play Chess!"]
[Site "http://www.queenalice.com/game.php?id=821829"]
[Date "2010.8.23"]
[Round "-"]
[White "carlos_monforte"]
[Black "elche"]
[Result "1-0"]
[WhiteElo "1836"]
[BlackElo "1564"]

1. f4 f5 2. Nf3 Nf6 3. d4 e6 4. Nc3 d5 5. g3 Bb4 6. Bd2 O-O 7. Bg2 Bxc3 8. Bxc3
Nbd7 9. Ne5 Ne4 10. Bxe4 dxe4 11. Qd2 Nxe5 12. fxe5 b6 13. O-O-O Bb7 14. Rhf1 a5
15. g4 Bd5 16. b3 fxg4 17. Rxf8+ Qxf8 18. Qg5 Qf5 19. Qxf5 1-0

[Event "Let's Play Chess!"]
[Site "http://www.queenalice.com/game.php?id=836132"]
[Date "2010.9.22"]
[Round "-"]
[White "carlos_monforte"]
[Black "jope"]
[Result "0-1"]
[WhiteElo "1833"]
[BlackElo "1760"]

1. e4 c5 2. Nf3 d6 3. Bb5+ Bd7 4. Bxd7+ Nxd7 5. Nc3 g6 6. d3 e5 7. O-O Ngf6 8.
Bg5 Bg7 9. Nd5 O-O 10. c3 h6 11. Bxf6 Nxf6 12. Nxf6+ Qxf6 13. Qb3 b6 14. Rad1
Rab8 15. Qb5 Qe7 16. h3 Kh7 17. Rb1 f5 18. Rbe1 fxe4 19. dxe4 Qe6 0-1

[Event "stt jordi"]
[Site "http://www.queenalice.com/game.php?id=837274"]
[Date "2010.9.24"]
[Round "-"]
[White "KennyB"]
[Black "carlos_monforte"]
[Result "0-1"]
[WhiteElo "1796"]
[BlackElo "1818"]

1. e4 e6 2. d4 d5 3. Nc3 Nf6 4. Bg5 Be7 5. e5 Ne4 6. Bxe7 Qxe7 7. Nxe4 dxe4 8.
Qe2 f5 9. exf6 gxf6 10. Qxe4 Qb4+ 11. Kd1 Qxb2 12. Rc1 Nc6 13. Nf3 Bd7 14. Bc4
O-O-O 15. Ke2 Nb4 16. a3 Nd5 0-1

[Event "cala vidre"]
[Site "http://www.queenalice.com/game.php?id=841905"]
[Date "2010.10.4"]
[Round "-"]
[White "carlos_monforte"]
[Black "cazzo"]
[Result "0-1"]
[WhiteElo "1820"]
[BlackElo "2409"]

1. d4 d5 2. c4 e5 3. Nf3 e4 4. Nfd2 c6 5. e3 Nf6 6. Qa4 Nbd7 7. cxd5 cxd5 8. Nc3
Bd6 9. Nb5 Be7 10. Be2 O-O 11. f3 a6 12. Nc3 b5 0-1

[Event "cala forn"]
[Site "http://www.queenalice.com/game.php?id=841906"]
[Date "2010.10.5"]
[Round "-"]
[White "carlos_monforte"]
[Black "thewhitebishop"]
[Result "0-1"]
[WhiteElo "1814"]
[BlackElo "1957"]

1. e4 Nf6 2. Nc3 d5 3. e5 Nfd7 4. d4 e6 5. Nf3 c5 6. Be3 b6 7. Bb5 a6 8. Bxd7+
Nxd7 9. O-O c4 10. Ng5 Be7 11. Qh5 g6 12. Qh6 Bxg5 13. Bxg5 Qc7 14. Qg7 Rf8 15.
Qxh7 b5 16. Bh6 Bb7 17. Bxf8 Nxf8 18. Qh8 O-O-O 19. Qf6 Bc6 20. a4 b4 21. Ne2 a5
22. c3 b3 23. h4 Qd7 24. Nf4 Qe8 25. Qh8 Bxa4 26. Ra3 Qc6 27. Rfa1 Nd7 28. Qg7
Nb6 29. Qxf7 Rh8 0-1

[Event "Let's Play Chess!"]
[Site "http://www.queenalice.com/game.php?id=864858"]
[Date "2010.11.28"]
[Round "-"]
[White "igorjava"]
[Black "carlos_monforte"]
[Result "1-0"]
[WhiteElo "1940"]
[BlackElo "1804"]

1. e4 c5 2. Nf3 Nc6 3. Bc4 e6 4. d3 d5 5. exd5 exd5 6. Bb3 Qe7+ 7. Qe2 Qxe2+ 8.
Kxe2 Nf6 9. Bg5 Be7 10. c3 Be6 11. Re1 O-O 12. Kf1 Bf5 13. d4 Bd3+ 14. Kg1 c4
15. Bd1 Rae8 16. Ne5 Nxe5 17. Rxe5 Bd6 18. Re3 h5 19. Bxf6 gxf6 20. Bxh5 Bf4 21.
Rxe8 Rxe8 22. Na3 a6 23. Rd1 Re2 24. Bxe2 Bxe2 25. Re1 Bd3 26. b3 1-0

[Event "Let's Play Chess!"]
[Site "http://www.queenalice.com/game.php?id=864859"]
[Date "2010.11.28"]
[Round "-"]
[White "carlos_monforte"]
[Black "igorjava"]
[Result "0-1"]
[WhiteElo "1847"]
[BlackElo "1899"]

1. e4 c5 2. Nc3 d6 3. f4 Nc6 4. g3 Nf6 5. Nf3 Bg4 6. Be2 Bxf3 7. Bxf3 e6 8. d3
Be7 9. Be3 O-O 10. Qe2 a6 11. O-O-O b5 12. e5 Nd7 13. Bxc6 Rb8 14. exd6 Bxd6 15.
Ne4 Be7 16. Qh5 g6 0-1

[Event "pinell"]
[Site "http://www.queenalice.com/game.php?id=901611"]
[Date "2011.2.18"]
[Round "-"]
[White "Cuti"]
[Black "carlos_monforte"]
[Result "1-0"]
[WhiteElo "1840"]
[BlackElo "1793"]

1. d4 Nf6 2. c4 c6 3. Nc3 d5 4. e3 e6 5. Nf3 Bb4 6. Bd2 O-O 7. a3 Bd6 8. Bd3 c5
9. O-O cxd4 10. exd4 Nc6 11. c5 Bc7 12. b4 a6 13. Qc2 b6 14. Ng5 g6 15. Be3 bxc5
16. bxc5 1-0

[Event "25 junio"]
[Site "http://www.queenalice.com/game.php?id=1078244"]
[Date "2012.7.2"]
[Round "-"]
[White "carlos_monforte"]
[Black "teferi"]
[Result "0-1"]
[WhiteElo "1720"]
[BlackElo "1556"]

1. d4 Nf6 2. c4 d5 3. Nc3 e6 4. Bg5 Be7 5. Bxf6 Bxf6 6. Nf3 O-O 7. e4 dxe4 8.
Nxe4 Be7 9. Bd3 Nc6 10. a3 Nxd4 11. O-O b6 0-1

[Event "AUTO-OPEN-2730"]
[Site "http://www.queenalice.com/game.php?id=1078549"]
[Date "2012.7.2"]
[Round "1"]
[White "Hortelino"]
[Black "carlos_monforte"]
[Result "1-0"]
[WhiteElo "2238"]
[BlackElo "1724"]

1. d4 Nf6 2. c4 d6 3. Nc3 e5 4. Nf3 Be7 5. dxe5 Nfd7 6. Bf4 O-O 7. exd6 cxd6 8.
Bxd6 Bxd6 9. Qxd6 Nb6 10. Qf4 Be6 11. e3 Nc6 12. Be2 Na5 13. b3 Qd7 14. O-O 1-0

[Event "AUTO-OPEN-2730"]
[Site "http://www.queenalice.com/game.php?id=1078550"]
[Date "2012.7.2"]
[Round "1"]
[White "carlos_monforte"]
[Black "Hortelino"]
[Result "0-1"]
[WhiteElo "1722"]
[BlackElo "2239"]

1. d4 d5 2. c4 e6 3. Nc3 Nf6 4. Bg5 c6 5. Nf3 Nbd7 6. Bxf6 Nxf6 7. Qa4 Bd6 8.
O-O-O O-O 9. e3 dxc4 10. Qxc4 Bd7 11. Qd3 b5 12. e4 Bf4+ 0-1

[Event "AUTO-OPEN-2730"]
[Site "http://www.queenalice.com/game.php?id=1078589"]
[Date "2012.7.2"]
[Round "1"]
[White "carlos_monforte"]
[Black "Fischercat"]
[Result "0-1"]
[WhiteElo "1753"]
[BlackElo "1784"]

1. e4 e5 2. Nf3 d6 3. d4 exd4 4. Nxd4 Be7 5. Bc4 Nf6 6. Nc3 c5 7. Nde2 Bg4 8.
O-O Nc6 9. Bf4 Bxe2 10. Qxe2 O-O 11. e5 Nd4 12. Qd3 dxe5 0-1

[Event "AUTO-OPEN-2730"]
[Site "http://www.queenalice.com/game.php?id=1078590"]
[Date "2012.7.2"]
[Round "1"]
[White "Fischercat"]
[Black "carlos_monforte"]
[Result "1-0"]
[WhiteElo "1799"]
[BlackElo "1738"]

1. d4 f5 2. Bf4 Nc6 3. e3 g6 4. Nc3 Nf6 5. Nb5 d6 6. Nf3 Bg7 7. c3 Nh5 8. Qb3 a6
9. Na3 Nxf4 10. exf4 Na5 11. Qa4+ Nc6 12. d5 1-0